[Event "TCh-FRA Top 16 Haute 2023"]
[Site "Chartres FRA"]
[Date "2023.06.08"]
[Round "1.4"]
[Board "4"]
[White "Parligras, Mircea-Emilian"]
[Black "Vernay, Clovis"]
[Result "1-0"]
[WhiteTitle "GM"]
[BlackTitle "GM"]
[WhiteElo "2556"]
[BlackElo "2491"]
[WhiteTeam "Grasse Echecs"]
[BlackTeam "Lyon Olympique Echecs"]
[WhiteFideId "1204297"]
[BlackFideId "633046"]
[EventDate "2023.06.08"]

1. d4 d5 2. c4 c6 3. Nf3 Nf6 4. e3 Bf5 5. Nc3 e6 6. Nh4 Be4 7. f3 Bg6 8. Bd2 Be7
9. Nxg6 hxg6 10. Qc2 Nbd7 11. O-O-O a6 12. Kb1 Qc7 13. g4 b5 14. c5 Rxh2 15. Bd3
O-O-O 16. Rxh2 Qxh2 17. a4 Nb8 18. g5 Ne8 19. f4 Nc7 20. Ne2 Rh8 21. Ng1 Qg3 22.
Rf1 Rh1 23. Qd1 Qg2 24. Nf3 Rxf1 25. Bxf1 Qg4 26. Bd3 Nd7 27. Qf1 Qh5 28. Kc2 f6
29. Be2 Qh7 30. Ba5 Bd8 31. Qg2 Ne8 32. Bd2 Bc7 33. Qg4 Nf8 34. axb5 axb5 35.
Nh4 Bd8 36. Be1 Kb7 37. Bg3 Ba5 38. Bd3 f5 39. Qd1 Nd7 40. Qf1 Nc7 41. Be2 Nf8
42. Bf2 Nd7 43. Kb3 Qg8 44. Qa1 Qa8 45. Nxg6 Bd2 46. Qxa8+ Kxa8 47. Bh5 Kb7 48.
Nh4 Na6 49. Bf7 Nf8 50. g6 Ba5 51. Nf3 Kc8 52. Ng5 Nc7 53. Ka3 1-0

[Event "TCh-FRA Top 16 Haute 2023"]
[Site "Chartres FRA"]
[Date "2023.06.08"]
[Round "1.4"]
[Board "5"]
[White "Crut, Aurelien"]
[Black "Wirig, Anthony"]
[Result "1/2-1/2"]
[WhiteTitle "IM"]
[BlackTitle "GM"]
[WhiteElo "2343"]
[BlackElo "2518"]
[WhiteTeam "Lyon Olympique Echecs"]
[BlackTeam "Grasse Echecs"]
[WhiteFideId "610569"]
[BlackFideId "615013"]
[EventDate "2023.06.08"]

1. e4 c5 2. Nf3 e6 3. c3 d5 4. exd5 Qxd5 5. d4 Nf6 6. Be3 cxd4 7. cxd4 Bb4+ 8.
Nc3 Qa5 9. Qb3 O-O 10. Bd3 b6 11. O-O Ba6 12. Bxa6 Nxa6 13. Bg5 Nc7 14. Bxf6
gxf6 15. a3 Bxc3 16. bxc3 Qb5 17. Qc2 Qc6 18. a4 a6 19. c4 b5 20. axb5 axb5 21.
Rac1 bxc4 22. Qxc4 Qxc4 23. Rxc4 Nd5 24. Rcc1 Ra2 25. Ra1 Rfa8 26. Rxa2 Rxa2 27.
g3 Nc3 28. Re1 Kg7 29. Kf1 Kg6 30. h3 h5 31. Nh4+ Kh6 32. Nf3 Kg7 33. Re3 Rc2
34. Ne1 Rc1 35. Kg2 Nd5 36. Re2 h4 37. Nf3 hxg3 38. fxg3 Rc3 39. Kf2 f5 40. Ra2
Nf6 41. Kg2 Ne4 42. Re2 Rd3 43. Ra2 Kf6 44. h4 Rb3 45. Re2 Ra3 46. Rb2 Ra8 1/2-1/2

[Event "TCh-FRA Top 16 Haute 2023"]
[Site "Chartres FRA"]
[Date "2023.06.08"]
[Round "1.4"]
[Board "6"]
[White "Loiseau, Quentin"]
[Black "Buscara, Sevan"]
[Result "1/2-1/2"]
[WhiteTitle "IM"]
[BlackTitle "IM"]
[WhiteElo "2464"]
[BlackElo "2361"]
[WhiteTeam "Grasse Echecs"]
[BlackTeam "Lyon Olympique Echecs"]
[WhiteFideId "665274"]
[BlackFideId "650234"]
[EventDate "2023.06.08"]

1. e4 e5 2. Nf3 Nc6 3. Bb5 a6 4. Ba4 Nf6 5. O-O Be7 6. d3 d6 7. c4 Bg4 8. Be3
O-O 9. h3 Bh5 10. Nbd2 Nb4 11. Qb1 b5 12. Bd1 c5 13. a3 Nc6 14. g3 Rb8 15. cxb5
axb5 16. Nh4 1/2-1/2

[Event "TCh-FRA Top 16 Haute 2023"]
[Site "Chartres FRA"]
[Date "2023.06.08"]
[Round "1.4"]
[Board "7"]
[White "Benitah, Yohan"]
[Black "Barbot, Pierre1"]
[Result "1/2-1/2"]
[WhiteTitle "IM"]
[BlackTitle "IM"]
[WhiteElo "2361"]
[BlackElo "2458"]
[WhiteTeam "Lyon Olympique Echecs"]
[BlackTeam "Grasse Echecs"]
[WhiteFideId "609560"]
[BlackFideId "663727"]
[EventDate "2023.06.08"]

1. d4 Nf6 2. c4 e6 3. Nc3 Bb4 4. Qc2 O-O 5. e3 b6 6. Bd3 Bb7 7. Nf3 d5 8. O-O c5
9. cxd5 exd5 10. dxc5 Bxc5 11. Rd1 Qe7 12. a3 Nbd7 13. Nb5 Ne5 14. b4 Bd6 15.
Nxd6 Nxf3+ 16. gxf3 Qxd6 17. Bb2 Rac8 18. Qe2 Nd7 19. Bf5 Rc7 20. f4 g6 21. Be4
Qe6 22. Bf3 Rfc8 23. Rac1 Rxc1 24. Rxc1 Rxc1+ 25. Bxc1 Nf6 26. Bb2 Ne4 27. Qd3
f6 28. Qd1 Kf7 29. b5 Ke8 30. a4 Bc8 31. Bg2 Bd7 32. Qd4 Bc8 33. Ba3 Bb7 34. a5
Kd7 35. h3 Kc7 36. Qb4 Qd7 37. Bb2 Qd6 38. Qb3 bxa5 39. Bxe4 dxe4 40. Qf7+ Qd7
41. Qxf6 Kb8 42. Be5+ Ka8 43. Kh2 a4 44. Kg3 1/2-1/2

[Event "TCh-FRA Top 16 Haute 2023"]
[Site "Chartres FRA"]
[Date "2023.06.08"]
[Round "1.4"]
[Board "8"]
[White "Milliet, Sophie"]
[Black "Rollot, Florence"]
[Result "1-0"]
[WhiteTitle "IM"]
[WhiteElo "2384"]
[BlackElo "2018"]
[WhiteTeam "Grasse Echecs"]
[BlackTeam "Lyon Olympique Echecs"]
[WhiteFideId "623725"]
[BlackFideId "26016060"]
[EventDate "2023.06.08"]

1. e4 d5 2. exd5 Qxd5 3. Nc3 Qa5 4. d4 Nf6 5. Nf3 Bf5 6. Ne5 c6 7. Bc4 e6 8. g4
Bg6 9. h4 Nbd7 10. Nxd7 Nxd7 11. h5 Be4 12. O-O Bd5 13. Nxd5 cxd5 14. Bd3 Bd6
15. Bd2 Qd8 16. Kg2 h6 17. Qe2 Qf6 18. f4 O-O-O 19. a4 g6 20. hxg6 fxg6 21. a5
Nb8 22. a6 b6 23. Bb5 h5 24. g5 Qf5 25. c4 h4 26. Rac1 h3+ 27. Kh2 Bc7 28. c5
Nd7 29. cxb6 Nxb6 30. Bd3 Qf7 31. Rxc7+ Kxc7 32. Qe5+ Kc6 33. Rc1+ Nc4 34. Bxc4
Kb6 35. Ba5+ Kxa5 36. Qe1+ Kb6 37. Qb4+ 1-0

[Event "TCh-FRA Top 16 Haute 2023"]
[Site "Chartres FRA"]
[Date "2023.06.09"]
[Round "2.1"]
[Board "1"]
[White "Bluebaum, Matthias"]
[Black "Fressinet, Laurent"]
[Result "1/2-1/2"]
[WhiteTitle "GM"]
[BlackTitle "GM"]
[WhiteElo "2672"]
[BlackElo "2632"]
[WhiteTeam "Mulhouse Philidor"]
[BlackTeam "Bischwiller"]
[WhiteFideId "24651516"]
[BlackFideId "608742"]
[EventDate "2023.06.08"]

1. d4 d5 2. c4 e6 3. Nc3 Nf6 4. cxd5 exd5 5. Bg5 c6 6. e3 Bf5 7. Nge2 h6 8. Bf4
Nbd7 9. Ng3 Be6 10. h4 Nb6 11. Bd3 Bd6 12. Nge2 Nc4 13. Qc2 Be7 14. Ng3 Qb6 15.
Rb1 Bd6 16. Nge2 Be7 17. Ng3 Bd6 18. Nge2 Be7 19. Ng3 1/2-1/2

[Event "TCh-FRA Top 16 Haute 2023"]
[Site "Chartres FRA"]
[Date "2023.06.09"]
[Round "2.1"]
[Board "2"]
[White "Ragger, Markus"]
[Black "Narayanan, S.L."]
[Result "0-1"]
[WhiteTitle "GM"]
[BlackTitle "GM"]
[WhiteElo "2631"]
[BlackElo "2657"]
[WhiteTeam "Bischwiller"]
[BlackTeam "Mulhouse Philidor"]
[WhiteFideId "1610856"]
[BlackFideId "5058422"]
[EventDate "2023.06.08"]

1. e4 c5 2. c3 Nf6 3. e5 Nd5 4. Nf3 Nc6 5. Bc4 Nb6 6. Bb3 c4 7. Bc2 Qc7 8. O-O
Nxe5 9. Nxe5 Qxe5 10. Re1 Qc7 11. a4 e6 12. d3 cxd3 13. Qxd3 Be7 14. Na3 a6 15.
Qd4 O-O 16. Qd3 f5 17. Bb3 d5 18. Nc2 Bd6 19. Nd4 Bxh2+ 20. Kh1 Be5 21. Qe2 Bxd4
22. cxd4 Bd7 23. g3 Nc4 24. Bf4 Qb6 25. Bxc4 dxc4 26. Qxc4 Rac8 27. Qe2 Qxd4 28.
Kg1 Qc4 29. Qxc4 Rxc4 30. b3 Rd4 31. Rad1 Rxd1 32. Rxd1 Bc6 33. Be5 Rc8 34. Rc1
Rd8 35. f4 Rd2 36. Kf1 Kf7 37. Ke1 Rg2 38. Rc3 h6 39. Rd3 g5 40. Kf1 g4 41. Rc3
Bf3 42. Rc7+ Ke8 43. Rh7 Rxg3 44. Rxh6 Bd5 45. b4 Rb3 46. Rh8+ Kf7 47. b5 axb5
48. axb5 Rxb5 49. Rh7+ Ke8 50. Rh8+ Kd7 51. Rh7+ Kc6 52. Rc7+ Kb6 53. Rc3 Rb3 0-1

[Event "TCh-FRA Top 16 Haute 2023"]
[Site "Chartres FRA"]
[Date "2023.06.09"]
[Round "2.1"]
[Board "3"]
[White "Nihal, Sarin"]
[Black "Vitiugov, Nikita"]
[Result "1/2-1/2"]
[WhiteTitle "GM"]
[BlackTitle "GM"]
[WhiteElo "2681"]
[BlackElo "2721"]
[WhiteTeam "Mulhouse Philidor"]
[BlackTeam "Bischwiller"]
[WhiteFideId "25092340"]
[BlackFideId "4152956"]
[EventDate "2023.06.08"]

1. d4 Nf6 2. c4 e6 3. Nc3 Bb4 4. e3 O-O 5. Bd2 d5 6. Nf3 b6 7. cxd5 exd5 8. Rc1
Bb7 9. Bd3 Re8 10. Nb5 Na6 11. O-O c6 12. Bxb4 Nxb4 13. Nc3 Nxd3 14. Qxd3 c5 15.
dxc5 bxc5 16. Na4 d4 17. Nxc5 Bxf3 18. gxf3 dxe3 19. Qxd8 Raxd8 20. fxe3 Rxe3
21. Kf2 Re5 22. Rfd1 Rde8 23. Re1 Rxe1 24. Rxe1 Rd8 25. Ne4 Nh5 26. Nc3 Nf4 27.
Rd1 1/2-1/2

[Event "TCh-FRA Top 16 Haute 2023"]
[Site "Chartres FRA"]
[Date "2023.06.09"]
[Round "2.1"]
[Board "4"]
[White "Bacrot, Etienne"]
[Black "Riff, Jean-Noel"]
[Result "1/2-1/2"]
[WhiteTitle "GM"]
[BlackTitle "GM"]
[WhiteElo "2672"]
[BlackElo "2401"]
[WhiteTeam "Bischwiller"]
[BlackTeam "Mulhouse Philidor"]
[WhiteFideId "605506"]
[BlackFideId "611190"]
[EventDate "2023.06.08"]

1. Nf3 Nf6 2. g3 d5 3. Bg2 e6 4. O-O Be7 5. d4 b5 6. b3 Nbd7 7. c4 c6 8. c5 Ne4
9. Bb2 O-O 10. Ne1 f5 11. Nd3 a5 12. f3 Ng5 13. Nd2 Qc7 14. Qc2 b4 15. e4 Ba6
16. e5 Nf7 17. f4 g5 18. Rf2 1/2-1/2

[Event "TCh-FRA Top 16 Haute 2023"]
[Site "Chartres FRA"]
[Date "2023.06.09"]
[Round "2.1"]
[Board "5"]
[White "Rakotomaharo, Fy Antenaina"]
[Black "Le Roux, Jean-Pierre"]
[Result "1/2-1/2"]
[WhiteTitle "IM"]
[BlackTitle "GM"]
[WhiteElo "2462"]
[BlackElo "2509"]
[WhiteTeam "Mulhouse Philidor"]
[BlackTeam "Bischwiller"]
[WhiteFideId "13100050"]
[BlackFideId "609404"]
[EventDate "2023.06.08"]

1. e4 c6 2. d4 d5 3. e5 Bf5 4. h4 a6 5. h5 c5 6. c3 Nc6 7. Bd3 Bxd3 8. Qxd3 Rc8
9. Na3 e6 10. Ne2 cxd4 11. cxd4 Bb4+ 12. Kf1 f6 13. Qg3 Qd7 14. Nc2 Ba5 15. Nc3
fxe5 16. dxe5 Bc7 17. Bf4 Qf7 18. Rh3 Nge7 19. Qh2 O-O 20. Rf3 Qe8 21. Rd1 Rf5
22. g4 Rf7 23. Kg2 Qf8 24. Rdd3 Bb8 25. Bg3 b5 26. a3 Rxf3 27. Rxf3 Qd8 28. Kg1
d4 29. Rd3 Qb6 30. Ne4 Nd5 31. h6 g6 32. Nd6 Rf8 33. f4 Qd8 34. Ne4 b4 35. Kh1
bxa3 36. bxa3 Qb6 37. Qd2 Qb1+ 38. Kg2 Rc8 39. Ne1 Qb7 40. Kh3 Rf8 41. Ng5 Qe7
42. Nef3 Ba7 43. Rb3 a5 44. Qb2 Nd8 45. Qc1 Qd7 46. Ne4 a4 47. Rd3 Qb5 48. Qc2
Nc6 49. Nd6 Qc5 50. Qd2 Ne3 51. Nxd4 Nxd4 52. Qxe3 Nb3 53. Qe4 Bb6 54. Qxa4 Qg1
55. Qc6 Qf1+ 56. Qg2 Qxd3 57. Qb7 Qf1+ 58. Kh4 Bd8+ 59. g5 Be7 60. f5 Bxg5+ 61.
Kxg5 Rxf5+ 62. Kg4 Qe2+ 63. Kh3 Qh5+ 64. Kg2 Qe2+ 65. Kh3 Qf1+ 66. Kg4 Qd1+ 67.
Kh3 Qh5+ 68. Kg2 Qe2+ 1/2-1/2

[Event "TCh-FRA Top 16 Haute 2023"]
[Site "Chartres FRA"]
[Date "2023.06.09"]
[Round "2.1"]
[Board "6"]
[White "Rodshtein, Maxim"]
[Black "Terrieux, Kevin"]
[Result "1-0"]
[WhiteTitle "GM"]
[BlackTitle "IM"]
[WhiteElo "2604"]
[BlackElo "2446"]
[WhiteTeam "Bischwiller"]
[BlackTeam "Mulhouse Philidor"]
[WhiteFideId "2806851"]
[BlackFideId "622591"]
[EventDate "2023.06.08"]

1. c4 e5 2. g3 Nc6 3. Bg2 g6 4. Nc3 Bg7 5. e3 d6 6. d3 Nge7 7. Nge2 O-O 8. h4 h5
9. a3 a5 10. Bd2 Bg4 11. Rc1 Qd7 12. Qc2 Nd8 13. Nd5 Nc8 14. b4 axb4 15. axb4 c6
16. Ndc3 Ne7 17. Ne4 f6 18. N4c3 Nf7 19. e4 Be6 20. Na4 Qd8 21. O-O f5 22. c5 d5
23. Nb6 Rb8 24. Rce1 Nc8 25. exd5 Bxd5 26. Nxd5 cxd5 27. Qb3 Ne7 28. Nc3 e4 29.
Bf4 Ra8 30. Rd1 Nc6 31. Nxd5 Nd4 32. Qc4 b5 33. cxb6 Ne2+ 34. Kh1 Nxf4 35. Nxf4
Qxb6 36. dxe4 Rac8 37. Qe6 1-0

[Event "TCh-FRA Top 16 Haute 2023"]
[Site "Chartres FRA"]
[Date "2023.06.09"]
[Round "2.1"]
[Board "8"]
[White "Sebag, Marie"]
[Black "Navrotescu, Andreea"]
[Result "1/2-1/2"]
[WhiteTitle "GM"]
[BlackTitle "WGM"]
[WhiteElo "2421"]
[BlackElo "2194"]
[WhiteTeam "Bischwiller"]
[BlackTeam "Mulhouse Philidor"]
[WhiteFideId "617822"]
[BlackFideId "675946"]
[EventDate "2023.06.08"]

1. e4 e5 2. Nf3 Nc6 3. Bc4 Bc5 4. c3 Nf6 5. d3 O-O 6. O-O d5 7. exd5 Nxd5 8. Re1
Bg4 9. h3 Bh5 10. Nbd2 Nb6 11. Bb3 Re8 12. Ne4 Bf8 13. a4 a5 14. Bg5 Qd7 15. g4
Bg6 16. Nh4 Bxe4 17. dxe4 Be7 18. Qc1 h6 19. Rd1 Bxg5 20. Rxd7 Bxc1 21. Rxf7 Kh7
22. Rxc1 Re7 23. Rxe7 Nxe7 24. Rd1 Rf8 25. Kg2 Ng6 26. Nxg6 Kxg6 27. Bc2 Kf6 28.
h4 g5 29. hxg5+ hxg5 30. b4 Ra8 31. b5 Rh8 32. Bb3 Ke7 33. Rd3 Nd7 34. Bd5 Rh4
35. Kg3 Nf6 36. Bxb7 Rxg4+ 37. Kf3 Rf4+ 38. Ke2 Nxe4 39. Bxe4 Rxe4+ 40. Re3 Rxa4
41. Rxe5+ Kd6 42. Rxg5 Ra2+ 43. Ke3 Rc2 44. Kd4 Rxf2 45. Rd5+ Ke6 46. Kc5 Rf5
47. Rxf5 Kxf5 48. c4 Ke4 49. Kc6 a4 50. Kxc7 a3 51. b6 a2 52. b7 a1=Q 53. b8=Q
Qe5+ 54. Kb7 Qxb8+ 55. Kxb8 Kd4 1/2-1/2

[Event "TCh-FRA Top 16 Haute 2023"]
[Site "Chartres FRA"]
[Date "2023.06.09"]
[Round "2.2"]
[Board "1"]
[White "Amin, Bassem"]
[Black "Ivanchuk, Vasyl"]
[Result "1/2-1/2"]
[WhiteTitle "GM"]
[BlackTitle "GM"]
[WhiteElo "2690"]
[BlackElo "2655"]
[WhiteTeam "Clichy Echecs 92"]
[BlackTeam "C'Chartres Echecs"]
[WhiteFideId "10601457"]
[BlackFideId "14100010"]
[EventDate "2023.06.08"]

1. Nf3 g6 2. e4 c5 3. d4 cxd4 4. Qxd4 Nf6 5. Nc3 Nc6 6. Qa4 d6 7. e5 dxe5 8.
Nxe5 Bg7 9. Bb5 O-O 10. Nxc6 bxc6 11. Bxc6 Bd7 12. O-O Rc8 13. Bxd7 Qxd7 14. Be3
Qxa4 15. Nxa4 Rxc2 16. Rfc1 Rxc1+ 17. Rxc1 Nd5 18. Kf1 Nxe3+ 19. fxe3 Be5 20. h3
f5 21. Ke2 Kf7 22. Rc6 Rd8 23. Ra6 Rc8 24. Kd2 Rd8+ 25. Ke2 Rc8 26. Kd2 1/2-1/2

[Event "TCh-FRA Top 16 Haute 2023"]
[Site "Chartres FRA"]
[Date "2023.06.09"]
[Round "2.2"]
[Board "2"]
[White "Mamedov, Rauf"]
[Black "Maghsoodloo, Parham"]
[Result "1/2-1/2"]
[WhiteTitle "GM"]
[BlackTitle "GM"]
[WhiteElo "2642"]
[BlackElo "2716"]
[WhiteTeam "C'Chartres Echecs"]
[BlackTeam "Clichy Echecs 92"]
[WhiteFideId "13401653"]
[BlackFideId "12539929"]
[EventDate "2023.06.08"]

1. e4 c5 2. Nf3 d6 3. d4 cxd4 4. Nxd4 Nf6 5. Bb5+ Nbd7 6. Bd3 Nc5 7. Nc3 a6 8.
O-O e6 9. Nb3 Nxd3 10. Qxd3 b5 11. a3 h6 12. Bf4 Qc7 13. Rad1 e5 14. Bg3 Be6 15.
Nd5 Bxd5 16. exd5 Rc8 17. c3 Qc4 18. Qf5 Qg4 19. Qxg4 Nxg4 20. h3 Nf6 21. f4 Nd7
22. Rfe1 f6 23. Nd4 Be7 24. Nc6 Bd8 25. Kf1 h5 26. Re2 Kf7 27. fxe5 fxe5 28. a4
bxa4 29. Re4 a3 30. bxa3 Nb8 31. Nxb8 Rxb8 32. Rb4 Ba5 33. Ra4 Bxc3 34. Rxa6 Rh6
35. Bh4 Rg6 36. g3 e4 37. Ra4 Be5 38. Rxe4 Bxg3 39. a4 Rb2 40. Bxg3 Rxg3 41. h4
Ra3 42. Rdd4 Kg6 43. Re2 Rba2 44. Rxa2 Rxa2 45. Rf4 Rd2 46. Ke1 Rxd5 47. Ke2 Kh7
48. Ke3 Ra5 49. Rd4 g5 1/2-1/2

[Event "TCh-FRA Top 16 Haute 2023"]
[Site "Chartres FRA"]
[Date "2023.06.09"]
[Round "2.2"]
[Board "3"]
[White "Gharamian, Tigran"]
[Black "Kamsky, Gata"]
[Result "1/2-1/2"]
[WhiteTitle "GM"]
[BlackTitle "GM"]
[WhiteElo "2601"]
[BlackElo "2659"]
[WhiteTeam "Clichy Echecs 92"]
[BlackTeam "C'Chartres Echecs"]
[WhiteFideId "13301527"]
[BlackFideId "2000024"]
[EventDate "2023.06.08"]

1. e4 e5 2. Nf3 Nc6 3. Bb5 Nf6 4. d3 d6 5. O-O Bd7 6. Re1 g6 7. Bxc6 Bxc6 8. c4
Bg7 9. Nc3 O-O 10. h3 Re8 11. b4 Bd7 12. a4 a5 13. b5 c6 14. bxc6 bxc6 15. Rb1
h6 16. Qc2 Nh5 17. Ne2 d5 18. Bd2 dxe4 19. dxe4 Qf6 20. Rb3 g5 1/2-1/2

[Event "TCh-FRA Top 16 Haute 2023"]
[Site "Chartres FRA"]
[Date "2023.06.09"]
[Round "2.2"]
[Board "4"]
[White "Bauer, Christian"]
[Black "Van Foreest, Jorden"]
[Result "1/2-1/2"]
[WhiteTitle "GM"]
[BlackTitle "GM"]
[WhiteElo "2593"]
[BlackElo "2695"]
[WhiteTeam "C'Chartres Echecs"]
[BlackTeam "Clichy Echecs 92"]
[WhiteFideId "603767"]
[BlackFideId "1039784"]
[EventDate "2023.06.08"]

1. d4 Nf6 2. Nf3 d5 3. c4 c6 4. Nc3 e6 5. cxd5 exd5 6. Qc2 Be7 7. Bg5 g6 8. e3
Bf5 9. Bd3 Bxd3 10. Qxd3 Nbd7 11. Bh6 Bd6 12. h3 Qe7 13. Nd2 O-O-O 14. O-O-O Kb8
15. Kb1 Nf8 16. Bf4 Ne6 17. Bxd6+ Qxd6 18. Nb3 h5 19. Qc2 h4 20. f3 Nh5 21. Rhe1
Rhe8 22. a3 Qg3 23. Re2 Re7 24. Ka2 Rde8 25. Red2 Qd6 26. e4 Ng3 27. Na5 Qd8 28.
Qa4 dxe4 29. d5 e3 30. Rc2 e2 31. Nxe2 Nxe2 32. Rxe2 cxd5 33. Qb5 Qc8 34. Qxd5
Nc7 35. Rxe7 Nxd5 36. Rxb7+ Ka8 37. Rxd5 Qe6 38. Rd7 Rb8 39. Nc4 Rc8 40. b3 f6
41. a4 Qe1 42. a5 Rb8 43. Rd2 Rc8 44. a6 Qc1 45. Nb2 Qf1 46. R7d6 Kb8 47. Nc4
Qc1 48. Rd7 Rc6 49. Rd8+ Rc8 50. R8d7 Rc6 1/2-1/2

[Event "TCh-FRA Top 16 Haute 2023"]
[Site "Chartres FRA"]
[Date "2023.06.09"]
[Round "2.2"]
[Board "5"]
[White "Libiszewski, Fabien"]
[Black "Lagarde, Maxime"]
[Result "1/2-1/2"]
[WhiteTitle "GM"]
[BlackTitle "GM"]
[WhiteElo "2498"]
[BlackElo "2597"]
[WhiteTeam "Clichy Echecs 92"]
[BlackTeam "C'Chartres Echecs"]
[WhiteFideId "616834"]
[BlackFideId "662399"]
[EventDate "2023.06.08"]

1. e4 c5 2. Nf3 e6 3. c3 Nf6 4. e5 Nd5 5. d4 cxd4 6. cxd4 d6 7. Bc4 dxe5 8. dxe5
Be7 9. O-O O-O 10. Qe2 Bd7 11. Bxd5 exd5 12. Nc3 Be6 13. Rd1 Nc6 14. Be3 a6 15.
Rd2 Bb4 16. Rc1 Re8 17. h3 h6 18. a3 Bxc3 19. Rxc3 Bf5 20. Nd4 Rxe5 21. Rxc6
bxc6 22. Nxc6 Qe8 23. Nxe5 Qxe5 24. Bd4 Qxe2 25. Rxe2 Rc8 26. Bc3 Be6 27. Rd2
Rc4 28. Rd4 h5 29. Rxc4 dxc4 30. h4 1/2-1/2

[Event "TCh-FRA Top 16 Haute 2023"]
[Site "Chartres FRA"]
[Date "2023.06.09"]
[Round "2.2"]
[Board "6"]
[White "Guliyev, Namig"]
[Black "Hamdouchi, Hicham"]
[Result "0-1"]
[WhiteTitle "GM"]
[BlackTitle "GM"]
[WhiteElo "2521"]
[BlackElo "2526"]
[WhiteTeam "C'Chartres Echecs"]
[BlackTeam "Clichy Echecs 92"]
[WhiteFideId "13400363"]
[BlackFideId "9000011"]
[EventDate "2023.06.08"]

1. e4 c5 2. Nf3 d6 3. d4 cxd4 4. Nxd4 Nf6 5. Nc3 Nc6 6. Bg5 e6 7. Qd2 Be7 8.
O-O-O O-O 9. f3 Nxd4 10. Qxd4 Qa5 11. h4 Bd7 12. Kb1 Rfc8 13. g4 b5 14. Be3 b4
15. Ne2 e5 16. Qd2 Be6 17. Nc1 d5 18. g5 d4 19. Bxd4 Rd8 20. gxf6 Rxd4 21. Qg2
Bxa2+ 22. Nxa2 Rxd1+ 23. Nc1 Bxf6 24. Bc4 Rad8 25. Bd5 Rxh1 26. Qxh1 Rxd5 27.
exd5 Qxd5 28. h5 h6 29. Qf1 a5 30. Qe2 Qd4 31. Nb3 Qg1+ 32. Ka2 a4 33. Nd2 Qd4
34. Ne4 Qd5+ 35. b3 axb3+ 36. cxb3 Be7 37. Qc4 Qd7 38. Qe2 Bf8 39. Nf2 Qf5 40.
Ng4 Qxh5 41. Nxe5 Qf5 42. Kb2 g6 43. Kc1 h5 44. Nd3 h4 45. Kd2 Bd6 46. Qe8+ Kg7
47. Qc6 Qe6 48. Qe4 Qxe4 49. fxe4 h3 50. Ke2 h2 51. Nf2 Bg3 52. Nh1 Bh4 53. Kf3
Kf6 54. Kg2 Ke5 55. Kxh2 Kxe4 0-1

[Event "TCh-FRA Top 16 Haute 2023"]
[Site "Chartres FRA"]
[Date "2023.06.09"]
[Round "2.2"]
[Board "7"]
[White "Tregubov, Pavel V."]
[Black "Maurizzi, Marc'Andria"]
[Result "1/2-1/2"]
[WhiteTitle "GM"]
[BlackTitle "GM"]
[WhiteElo "2553"]
[BlackElo "2548"]
[WhiteTeam "Clichy Echecs 92"]
[BlackTeam "C'Chartres Echecs"]
[WhiteFideId "4115341"]
[BlackFideId "36083534"]
[EventDate "2023.06.08"]

1. e4 e5 2. Nf3 Nc6 3. Bc4 Nf6 4. d3 h6 5. Nc3 Bc5 6. h3 a6 7. a4 d6 8. Be3 Bxe3
9. fxe3 Be6 10. Nd2 O-O 11. O-O d5 12. exd5 Nxd5 13. Nxd5 Bxd5 14. Qg4 Bxc4 15.
Nxc4 Qg5 16. Qxg5 hxg5 17. e4 f6 18. a5 Nd4 19. Ne3 Rad8 20. g3 Rd6 21. Ra4 Rc6
22. Rf2 Rd8 23. Rb4 b5 24. axb6 cxb6 25. Nd5 Rxc2 26. Rxc2 Nxc2 27. Rxb6 a5 28.
Kf2 a4 29. Rb7 Ra8 30. Ne7+ Kf8 31. Ng6+ Kg8 32. Ne7+ Kf8 33. Nf5 a3 34. bxa3
Rxa3 35. Nxg7 Nd4 36. Nf5 Nxf5 37. exf5 1/2-1/2

[Event "TCh-FRA Top 16 Haute 2023"]
[Site "Chartres FRA"]
[Date "2023.06.09"]
[Round "2.2"]
[Board "8"]
[White "Daulyte-Cornette, Deimante"]
[Black "Benmesbah, Natacha"]
[Result "1-0"]
[WhiteTitle "IM"]
[BlackTitle "WIM"]
[WhiteElo "2354"]
[BlackElo "2279"]
[WhiteTeam "C'Chartres Echecs"]
[BlackTeam "Clichy Echecs 92"]
[WhiteFideId "12802859"]
[BlackFideId "642002"]
[EventDate "2023.06.08"]

1. e4 c5 2. Nf3 Nc6 3. Bc4 e6 4. O-O Nf6 5. Re1 d5 6. exd5 Nxd5 7. d4 cxd4 8.
Nxd4 Bc5 9. Nxc6 bxc6 10. Nd2 O-O 11. Ne4 Bb6 12. Qh5 f6 13. Bd2 Bd7 14. a4 a5
15. Ra3 Be8 16. Qh3 Bf7 17. Rg3 Bc7 18. Rf3 Re8 19. Bd3 Bg6 20. Nc5 e5 21. Bxg6
hxg6 22. Ne6 Qc8 23. Nxc7 Qxc7 24. Qg4 Qf7 25. Qc4 Ne7 26. Qxf7+ Kxf7 27. Rxe5
Red8 28. Re2 Rd4 29. b3 c5 30. g3 c4 31. Rf4 Rxf4 32. Bxf4 cxb3 33. cxb3 Nd5 34.
Bd2 g5 35. Re1 Ra6 36. Rc1 Ke6 37. Rc5 Rb6 38. Rb5 Rxb5 39. axb5 Nb4 40. Kg2 Kd5
41. Bxb4 axb4 42. Kf3 Kc5 43. Ke4 Kxb5 44. Kd5 g4 45. Kd4 g5 46. Kd5 f5 47. Kd4
Kc6 48. Kc4 f4 49. Kxb4 Kd5 50. Kc3 Ke4 51. Kd2 Kf3 52. Ke1 Ke4 53. Ke2 Kd4 54.
gxf4 gxf4 55. f3 Kd5 1-0

[Event "TCh-FRA Top 16 Haute 2023"]
[Site "Chartres FRA"]
[Date "2023.06.09"]
[Round "2.3"]
[Board "1"]
[White "Saric, Ivan"]
[Black "Fedorchuk, Sergey A."]
[Result "1/2-1/2"]
[WhiteTitle "GM"]
[BlackTitle "GM"]
[WhiteElo "2670"]
[BlackElo "2579"]
[WhiteTeam "Grasse Echecs"]
[BlackTeam "Echiquier Chalonnais"]
[WhiteFideId "14508150"]
[BlackFideId "14102536"]
[EventDate "2023.06.08"]

1. e4 c5 2. Nf3 Nc6 3. Bb5 e6 4. O-O Nge7 5. d4 cxd4 6. Nxd4 Ng6 7. Be3 Be7 8.
c3 Qc7 9. Nd2 O-O 10. g3 Rd8 11. h4 Nf8 12. h5 h6 13. Qg4 Kh8 14. f4 d6 15. Nxc6
bxc6 16. Bd3 e5 17. Qe2 Bf6 18. Nc4 Be6 19. Rad1 Nh7 20. Bc2 Be7 21. Bf2 Nf6 22.
Ne3 d5 23. f5 Bc8 24. Ng4 Ba6 25. Qxa6 Nxg4 26. Kg2 Nxf2 27. Rxf2 Rd6 28. Rfd2
Rad8 29. Qe2 Bf6 30. Bb3 d4 31. Qc4 Kg8 32. Qc5 Qb6 33. Qc4 Qc7 34. Qc5 Qb6 1/2-1/2